Les 10 plus grandes villes de Seine-Maritime - Statistiques

Statistiques générales
  • Ce quiz a été pris 58 fois
  • Le résultat moyen est 6 sur 10
Statistiques - réponses
Hint Réponse % Correct
116 331 Rouen
100%
166 462 Le Havre
98%
28 599 Dieppe
81%
17 961 Fécamp
57%
21 935 Le Petit-Quevilly
53%
25 954 Le Grand-Quevilly
51%
28 653 Saint-Étienne-du-Rouvray
49%
29 039 Sotteville-lès-Rouen
45%
20 188 Mont-Saint-Aignan
34%
15 774 Elbeuf
32%
Aucun quiz correspondant
Distribution des résultats
% des personnes avec chaque résultat
Percentile par nombre de réponses
Votre historique - résultats
Vous n’avez pas pris ce quiz